| 000 | 00509nam a2200169 i 4500 | ||
|---|---|---|---|
| 001 | 39058 | ||
| 003 | ES-MaACL | ||
| 005 | 20231213062937.0 | ||
| 007 | t| | ||
| 008 | 030227s1963 sp ||||1| spa d | ||
| 100 | 1 |
_aCampoy, A. M., _d1924-1993 _934292 |
|
| 245 | 1 | 0 |
_aViaje por España _b: (cómo nos ven los extranjeros) / _cpor Antonio M. Campoy. |
| 260 |
_aMadrid : _bBiblioteca Nueva, _c1963. |
||
| 300 |
_a421 p. ; _c22 cm. |
||
| 852 |
_aES-MaACL _jC-22923 _bR.51705 |
||
| 999 |
_c39058 _d39058 |
||